书目信息 |
| 题名: |
学生人道主义的教育
|
|
| 作者: | 魏茂峰 , 陈玙 编著 | |
| 分册: | ||
| 出版信息: | 合肥 安徽人民出版社 2015 |
|
| 页数: | 212页 | |
| 开本: | 23cm | |
| 丛书名: | 最新学校与教育系列丛书 | |
| 单 册: | ||
| 中图分类: | G631.4 | |
| 科图分类: | ||
| 主题词: | 人道主义--Ren Dao Zhu Yi--思想政治教育--中小学 | |
| 电子资源: | ||
| ISBN: | 978-7-212-05132-7 | |
| 000 | 01013nam 2200277 45 | |
| 001 | 012001000768 | |
| 005 | 20131024171103.0 | |
| 010 | @a978-7-212-05132-7@dCNY27.80 | |
| 099 | @aCAL 012014037506 | |
| 100 | @a20140404d2012 ekmy0chiy50 ea | |
| 101 | 0 | @achi |
| 102 | @aCN@b340000 | |
| 105 | @ay z 000yy | |
| 106 | @ar | |
| 200 | 1 | @a学生人道主义的教育@AXue Sheng Ren Dao Zhu Yi De Jiao Yu@f魏茂峰, 陈玙编著 |
| 210 | @a合肥@c安徽人民出版社@d2015 | |
| 215 | @a212页@d23cm | |
| 225 | 2 | @a最新学校与教育系列丛书@Azui xin xue xiao yu jiao yu xi lie cong shu |
| 330 | @a本书从人道主义精神的培养入手,规范未成年人的行为习惯,使他们真正成为合格的祖国建设接班人。内容包括:学生人道主义教育的指导、学生人道主义教育的故事二章。 | |
| 410 | 0 | @12001@a最新学校与教育系列丛书 |
| 606 | 0 | @a人道主义@ARen Dao Zhu Yi@x思想政治教育@x中小学 |
| 690 | @aG631.4@v5 | |
| 701 | 0 | @a魏茂峰@AWei Mao Feng@4编著 |
| 701 | 0 | @a陈玙@AChen Yu@4编著 |
| 801 | 0 | @aCN@b江苏凤凰@c20191020 |
| 905 | @b1221252-5@dG631.4@e853@f4 | |
| 学生人道主义的教育/魏茂峰, 陈玙编著.-合肥:安徽人民出版社,2015 |
| 212页;23cm.-(最新学校与教育系列丛书) |
| ISBN 978-7-212-05132-7:CNY27.80 |
| 本书从人道主义精神的培养入手,规范未成年人的行为习惯,使他们真正成为合格的祖国建设接班人。内容包括:学生人道主义教育的指导、学生人道主义教育的故事二章。 |
| ● |
| 相关链接 |
|
|
|
|
正题名:学生人道主义的教育
索取号:G631.4/853
 
预约/预借
| 序号 | 登录号 | 条形码 | 馆藏地/架位号 | 状态 | 备注 |
| 1 | 1221252 | 212212522 | 第一样本阅览室/ [索取号:G631.4/853] | 在馆 | |
| 2 | 1221253 | 212212531 | 教育系资料室/ [索取号:G631.4/853] | 在馆 | |
| 3 | 1221254 | 212212540 | 教育系资料室/ [索取号:G631.4/853] | 在馆 | |
| 4 | 1221255 | 212212559 | 第四借阅区/ [索取号:G631.4/853] | 在馆 |